=LDR 00000nam 2200000 4500 =001 INLIS000000000055912 =005 20200804110108 =035 ##$$a 0010-0820000053 =007 ta =008 200804###########################0#eng## =020 ##$$a 1-85348-424-5 =082 ##$$a 635.048 4 =084 ##$$a 635.048 4 Bir o =245 1#$$a Organic gardening /$c Richard Bird =300 ##$$a 112 halaman : $b Ilustrasi ; $c 24 Cm. =500 ##$$a Indeks : halaman 111 - 112 =650 #4$$a Perkebunan - Organik =700 #$$a Editor : Frederika Stradling =264 ##$$a London :$b New Burlington Books,$c 1993 =336 ##$$a teks$2 rdacontent =337 ##$$a lain-lain$2 rdamedia =338 ##$$a lain-lain$2 rdacarrier =990 ##$$a 08630863